| 000 | 02099nam a2200421 c 4500 | ||
|---|---|---|---|
| 003 | BLK | ||
| 005 | 20180422112810.0 | ||
| 008 | 180410b bul|||||r ||||||| ||bul|| | ||
| 010 | _aKNG00153960000 | ||
| 020 |
_a978-954-92579-4-6 _bиздат.: Тола |
||
| 040 | _aBLK | ||
| 041 |
_aBUL _cBUL |
||
| 072 | 7 |
_2bullib _aН20 _xРелигия. Теология Н |
|
| 080 |
_aСимволика (общи въпроси) _b246.6 _x _z246.6 |
||
| 080 |
_aРелигиозни обряди и тайнства. Ръкополагане в духовен сан, кръщаване, 1-во и последно причастие, венчаване, изповед, освещаване на гражд. сгради, екзорсизъм(като тайнството изцеление на обладан _b265 _x _z265 |
||
| 100 | 1 |
_aСтефанов, Стефан Ненчев _eпърви автор _9329748 |
|
| 700 | 1 |
_aТотев, Тотю Косев _eотг. ред. _9365651 |
|
| 700 | 1 |
_aСтефанов, Павел Георгиев _e* _9365346 |
|
| 139 |
_aСтефанов, Стефан Ненчев _bС 75 |
||
| 245 | 1 | 0 |
_aЗа светите мощи _bДогматически, богослужебни и духовно-нравствени аспекти _cСтефан Ненчев Стефанов; отг. ред. Тотю Косев Тотев; * Павел Георгиев Стефанов. |
| 257 | _aBGR | ||
| 260 |
_аСофия _bТола _c2011 |
||
| 300 |
_a64 с. _c21 см |
||
| 380 | _a2 | ||
| 500 | _aРез. на англ. ез. / Прев. Павел Стефанов. - Библиогр. с. 59-63 | ||
| 650 | 4 |
_aРеликви _9169315 |
|
| 650 | 4 |
_aХристиянство - философско-етични проблеми _9249602 |
|
| 653 | _aмощи | ||
| 653 | _aбогослужение | ||
| 653 | _aхристиянска етика | ||
| 653 | _aхристиянска символика | ||
| 659 | _aН | ||
| 852 | _aЦб 266806 | ||
| 856 | 4 |
_qpdf _u |
|
| 856 | 4 |
_qpdf _u |
|
| 942 |
_cKNG _n0 |
||
| 944 |
_aCR _c27.11.2013 _kГеновева_Генчева |
||
| 944 |
_aED _c03.09.2014 _k |
||
| 999 |
_c147742 _d147742 |
||